00993nam a22002417a 450000500170000001000130001702000220003003500130005203700160006504000120008108200170009310000240011024501060013426000450024027000620028530000320034750000500037965000820042965000590051194200260057099900190059695201360061520170124110103.0 aA-948842 c00.00a0195645952 aA-948842 bCen Lib/Ret aDPLbEN a954.082bALA aAlavi, Seema927464 aThe sepoys and the Company :cby Seema Alavibtradition and transition in Northern India, 1770-1830 / bOxford University Pressc1998aNew Delhi aYMCA Library Building, Jai Singh Road bNew Delhie110001 axv, 315p. :c20cm(Hb)bill. aIncludes bibliographical references and index aEast India Company. -- Army -- Recruiting, enlistment, etc. -- History927465 aIndia -- History -- Sepoy Rebellion, 1857-18589101856 2ddccENh954.082mALA c129810d129810 00104070aLbLd2015-07-07eCen Lib/Retg0.00l1o954.082 ALApA-948842r2018-08-28 00:00:00s2018-08-27t1v0.00w2015-07-07yEN